01717nam a2200481 i 450000100060000000300090000600500170001500800410003202000150007304000360008804100080012408000110013208000080014308000130015108000120016410000250017624501420020125000170034326000510036030000360041133600270044733700520047433800280052638000160055438000270057038500390059738800140063638800140065050000910066450400260075552100860078165000170086765000140088465000180089865000120091665000210092865000150094965500300096465800280099471000760102270000390109885600980113724420KOSZ 00520211220151851.0961010s1995 pl a f f |000 0 pol d a8386123338 cKOSZ 005aKOSZ 005dKOSZ 005/HR0 apol a621.56 a536 a664.8/.9 a(075.8)1 aCzapp, MarianeAutor10aBilans cieplny pomieszczeń chłodni :bzasady opracowania /cMarian Czapp, Henryk Charun ; Wyższa Szkoła Inżynierska w Koszalinie. a[Wyd.2 zm.]. aKoszalin :bWydawnictwo Uczelniane WSI,c1995. a349 s. :brys., wykr. ;c24 cm. 2rdacontentaTekstbtxt 2rdamediaaBez urządzenia pośredniczacegobn 2rdacarrieraWoluminbnc aKsiążki aPublikacje dydaktyczne mPoziom nauczaniaaSzkoły wyższe a1901-2000 a1989-2000 aWyd.1 ukazało się pt."Zasady opracowania bilansu cieplnego pomieszczeń chłodni". aBibliogr. s. 343-349. aSkrypt Wydziału Mechanicznego do przedmiotu: Maszyny i urządzenia chłodnicze. 7aChłodnictwo 7aChłodnie 7aProjektowanie 7aCiepło 7aIzolacje cieplne 7aMrożonki 7aPodręczniki akademickie aInżynieria i technika2 aWydawnictwo Uczelniane (Wyższa Szkoła Inżynierska ; Koszalin)4pbl1 aCharun, Henrykd(1946-2021)eAutor uhttp://koha.tu.koszalin.pl/cgi-bin/koha/opac-detail.pl?biblionumber=24420yKatalog online BPK